00313cam a22000977a 4500008004000000082001700040245007700057260003900134300000900173700003300182180718b1967 xxu||||| |||| 00| 0 eng d aR706x71 C16p aTask force on labour relations: progress reportcby Privy Council Office aOttawabPrivy Council Officec1967 av.p. aCanada. Privy Council Office